000 00750nam a2200241 i 4500
001 bg
100 1 _aGOS, Waldemar
245 1 0 _aProwadzenie ksiąg rachunkowych w małych firmach /
_cWaldemar Gos.
260 _aWarszawa :
_b"Difin",
_c1996.
300 _a242 s., [4] k. tabl. złoż. ;
_c21 cm.
490 1 _aBiblioteka Doradcy Podatkowego,
_x1427-3314 ;
_v1
650 9 _aPrzedsiębiorstwa małe i średnie
_xrachunkowość
_zPolska
650 9 _aRachunkowość
_zPolska
655 _aPoradniki
830 _aBiblioteka Doradcy Podatkowego,
_x1427-3314 ;
020 _a838621886X
040 _cBPK
041 0 _apl
080 _a658.1/.5:657](438)
920 _a83-86218-86-X
942 _cKS
008 s pl f |000 0 pol
999 _c32310
_d32310
856 _uhttp://koha.tu.koszalin.pl/cgi-bin/koha/opac-detail.pl?biblionumber=32310
_yKatalog online BPK